12 Największych miast Jugosławii - Statystyki

Ogólne statystyki
  • Ten quiz został rozwiązany 124 razy
  • Średni wynik to 8 z 12
Statystyki odpowiedzi
Ludność Miasto % Poprawnych
2 933,914 Zagrzeb
99%
1 1,133,146 Belgrad
98%
4 361,735 Sarajewo
88%
3 444,760 Skopje
88%
5 258,873 Lublana
86%
7 199,654 Prisztina
74%
6 200,459 Split
72%
8 198,326 Nowy Sad
63%
12 165,904 Rijeka
41%
11 173,250 Nisz
29%
9 195,692 Banja Luka
27%
10 180,074 Kragujevac
13%
Nie znaleziono quizów pasujących do podanych kryteriów
Rozkład punktacji
Procent ludzi z każdym wynikiem
Percentyl według liczby udzielonych odpowiedzi
Twoja historia wyników
Nie rozwiązałeś tego quizu